01418nam a22001457a 4500003000400000020001800004082001500022100002100037245005300058250000900111260002700120300000800147650001600155700110100171SGT a9780070635524 a658.1, NEW aNEWSTOM, JOHAN W aORGANIZATIONAL BEHAVIORbHUMAN BEHAVIOR AT WORK  a12TH aNEW DELHI bTMH c2007 a528 aMANAGEMENT  aPART I : FUNDAMENTALS OF ORGANIZATIONAL BEHAVIOR CHAPTER 1 THE DYNAMICS OF PEOPLE AND ORGANIZATIONS CHAPTER 2 MODELS OF ORGANIZATIONAL BEHAVIOR CHAPTER 3 MANAGING COMMUNICATIONS CHAPTER 4 SOCIAL SYSTEMS AND ORGANIZATIONAL CULTURE PART II : MOTIVATION AND REWARD SYSTEMS CHAPTER 5 MOTIVATION CHAPTER 6 APPRAISING AND REWARDING PERFORMANCE PART III : LEADERSHIP AND EMPOWERMENT CHAPTER 7 LEADERSHIP CHAPTER 8 EMPOWERMENT AND PARTICIPATION PART IV : INDIVIDUAL AND INTERPERSONAL BEHAVIOR CHAPTER 9 EMPLOYEE ATTITUDES AND THEIR EFFECTS CHAPTER 10 ISSUES BETWEEN ORGANIZATIONS AND INDIVIDUALS CHAPTER 11 INTERPERSONAL BEHAVIOR PART V : GROUP BEHAVIOR CHAPTER 12 INFORMAL AND FORMAL GROUPS CHAPTER 13 TEAMS AND TEAM BUILDING PART VI : CHANGE AND ITS EFFECTS CHAPTER 14 MANAGING CHANGE CHAPTER 15 STRESS AND COUNSELING PART VII : EMERGING ASPECTS OF ORGANIZATIONAL BEHAVIOR CHAPTER 16 ORGANIZATIONAL BEHAVIOR ACROSS CULTURES PART VIII : CASE PROBLEMS GLOSSARY APPENDIX A: PERSONAL DEVELOPMENT PLAN REFERENCES NAME INDEX SUBJECT INDEX BECAUSE LEARNING CHANGES EVERYTHING.™